000 01107nam a2200289 i 4500
001 14984
003 ES-MaACL
005 20231221165325.0
007 t|
008 991124s1998 sp b |||| | spa d
020 _a84-7812-468-3
080 _a016:791.43(05)
080 _a791.43(05):016
080 _a017.1(464.1 M)
110 2 _aHemeroteca Municipal de Madrid.
_94560
245 1 0 _aRevistas de cine
_b: catálogo /
_c[edición preparada por el personal de la Hemeroteca Municipal de Madrid ; dirección, Carlos Dorado Fernández].
260 _aMadrid :
_bAyuntamiento de Madrid, Área de Cultura, Educación, Juventud y Deportes,
_c1998.
300 _a85 p. ;
_c24 cm.
490 1 _aSección de historia de la prensa ;
_v9
610 2 7 _aHemeroteca Municipal de Madrid-
_vCatálogos.
_94561
650 _aCine-
_vBibliografías.
_9171048
700 1 _aDorado Fernández, Carlos
_945375
710 1 _aMadrid.
_bÁrea de Cultura, Educación, Juventud y Deportes.
_95568
830 1 _aSección de historia de la prensa ;
_v9
_9179701
852 _aES-MaACL
_jL-22141
999 _c14984
_d14984